000 00301nam a2200121Ia 4500
008 190216s9999||||xx |||||||||||||| ||und||
100 _aArjundas Kesari
245 0 _aHindi-Lory Kayan Ka Charith Sangatan Thatha Kavya Soupakth
260 _bLokaruchi
300 _a65
650 _aHindi
942 _cBK
999 _c16350
_d16350